| 000 | 00420nam a2200157Ia 4500 | ||
|---|---|---|---|
| 008 | 210716s2005 xx 000 0 und d | ||
| 020 | _a0324224192 | ||
| 041 | _aeng | ||
| 082 | _a658.7 MONR | ||
| 100 | _aMonczka, Robert;Trent, Robert;Handfield, Robert. | ||
| 245 | _aPurchasing and supply chain management. | ||
| 250 | _a3 | ||
| 260 |
_aU S A _bThomson south western _c2005 |
||
| 300 | _axxiv,744 | ||
| 650 | _aNone | ||
| 999 |
_c206110 _d206110 |
||